000
00286nam a2200109Ia 4500
008
220204s9999 xx 000 0 und d
082
_a
633.15(06)
_b
CIM
245
0
_a
High quality protein maize
260
_a
Pennsylvaia
_b
Dowden Hutchinson
_c
1975
650
_a
Maize breeding
942
_c
BK
999
_c
23745
_d
23745